[Event "Niedersachsen-ch op-A"]
[Site "Verden"]
[Date "2014.01.03"]
[Round "4"]
[White "Enke, Nils"]
[Black "Schumacher, Klaus"]
[Result "1-0"]
[WhiteElo "1611"]
[BlackElo "1843"]
[PlyCount "105"]
[EventDate "2014.01.02"]
[EventType "swiss"]
[EventRounds "7"]
[EventCountry "GER"]
[SourceTitle "EXT 2016"]
[Source "ChessBase"]
[SourceDate "2015.10.08"]
[SourceVersion "1"]
[SourceVersionDate "2015.10.08"]
[SourceQuality "1"]

1. d4 d5 2. Bf4 Nf6 3. Nf3 Bg4 4. Nbd2 e6 5. e3 c5 6. c3 Nc6 7. Be2 Qb6 8. b3 Be7 9. 0-0 0-0 10. h3 Bh5 11. g4 Bg6 12. Ne5 Nxe5 13. Bxe5 Nd7 14. Bg3 Rac8 15. dxc5 Rxc5 16. c4 Bf6 17. cxd5 Bxa1 18. dxe6 Qxe6 19. Qxa1 Nb6 20. Nc4 Rfc8 21. Nxb6 Qxb6 22. Be5 R5c6 23. Bc4 Rxc4 24. bxc4 Bd3 25. Rd1 Qg6 26. Qd4 f6 27. Qd5+ Qf7 28. Qxd3 fxe5 29. Qd8+ Qf8 30. Qd5+ Kh8 31. Qxe5 Rxc4 32. Rd7 Rc1+ 33. Kg2 h6 34. Rxb7 Rc5 35. Rb8 Rxe5 36. Rxf8+ Kh7 37. Rc8 a5 38. Kf3 Rb5 39. e4 Kg6 40. Rc3 Kf6 41. Ke3 a4 42. Rc4 Ra5 43. f4 a3 44. Kd4 h5 45. g5+ Ke6 46. f5+ Kd6 47. e5+ Rxe5 48. Rc6+ Kxc6 49. Kxe5 Kd7 50. f6 gxf6+ 51. Kxf6 Ke8 52. Kg7 h4 53. Kh7 1-0

[Event "Niedersachsen-ch op-C"]
[Site "Verden"]
[Date "2013.01.05"]
[Round "6"]
[White "Enke, Nils"]
[Black "Nuerenberg, Marius"]
[Result "1/2-1/2"]
[WhiteElo "1536"]
[BlackElo "1602"]
[PlyCount "42"]
[EventDate "2013.01.03"]
[EventType "swiss"]
[EventRounds "7"]
[EventCountry "GER"]
[SourceTitle "EXT 2021"]
[Source "ChessBase"]
[SourceDate "2020.10.23"]
[SourceVersion "1"]
[SourceVersionDate "2020.10.23"]
[SourceQuality "1"]

1. e4 e6 2. d4 d5 3. Nc3 Nf6 4. Bg5 h6 5. Bxf6 gxf6 6. exd5 exd5 7. Bd3 Nc6 8. Nce2 Rg8 9. g3 Qe7 10. c3 Bd7 11. Qc2 0-0-0 12. 0-0-0 Re8 13. Nf4 Be6 14. Nf3 Qd7 15. Rhe1 Bd6 16. Nxe6 fxe6 17. Bb5 Rg7 18. Re2 a6 19. Bxc6 Qxc6 20. Nh4 Qd7 21. f4 c6 1/2-1/2

[Event "Niedersachsen-ch op-C"]
[Site "Verden"]
[Date "2013.01.03"]
[Round "2"]
[White "Enke, Nils"]
[Black "Schneider, Waldemar"]
[Result "0-1"]
[WhiteElo "1536"]
[BlackElo "1850"]
[PlyCount "54"]
[EventDate "2013.01.03"]
[EventType "swiss"]
[EventRounds "7"]
[EventCountry "GER"]
[SourceTitle "EXT 2021"]
[Source "ChessBase"]
[SourceDate "2020.10.23"]
[SourceVersion "1"]
[SourceVersionDate "2020.10.23"]
[SourceQuality "1"]

1. e4 d6 2. d4 Nf6 3. Nc3 g6 4. Nf3 Bg7 5. Bd3 0-0 6. Bg5 Nbd7 7. Qd2 Re8 8. 0-0-0 c5 9. h4 cxd4 10. Nxd4 Ne5 11. f3 h5 12. Bb5 Bd7 13. Bxd7 Nfxd7 14. Rdg1 Nc4 15. Qd1 Qb6 16. Nb3 Rac8 17. g4 Nxb2 18. Kxb2 Rxc3 19. Kc1 Rec8 20. gxh5 Ne5 21. hxg6 Rxc2+ 22. Qxc2 Nd3+ 23. Kb1 Rxc2 24. Kxc2 Nb4+ 25. Kb1 a5 26. gxf7+ Kxf7 27. Bd2 a4 0-1

[Event "Hamburg St Pauli op-B"]
[Site "Hamburg"]
[Date "2011.07.13"]
[Round "6"]
[White "Enke, Nils"]
[Black "Buecker, Simone"]
[Result "1-0"]
[WhiteElo "1561"]
[BlackElo "1658"]
[PlyCount "129"]
[EventDate "2011.07.09"]
[EventType "swiss"]
[EventRounds "9"]
[EventCountry "GER"]
[SourceTitle "CBM 143 Extra"]
[Source "ChessBase"]
[SourceDate "2011.08.29"]
[SourceVersion "1"]
[SourceVersionDate "2011.08.29"]
[SourceQuality "1"]

1. e4 d5 2. exd5 Nf6 3. Bb5+ Bd7 4. Be2 Nxd5 5. d4 c6 6. Nf3 Bf5 7. 0-0 h6 8. a3 e6 9. c4 Nf6 10. Nc3 Bd6 11. b4 0-0 12. Be3 Nbd7 13. d5 exd5 14. cxd5 cxd5 15. Nxd5 Be5 16. Nxe5 Nxe5 17. Nxf6+ Qxf6 18. Qd5 b6 19. Bd4 Rae8 20. f4 Qc6 21. Qb5 Qxb5 22. Bxb5 Nd7 23. Rac1 Rc8 24. Rfe1 Rfd8 25. Rxc8 Rxc8 26. Re7 Rd8 27. Kf2 Nf8 28. Be5 Ng6 29. Rxa7 Nxe5 30. fxe5 Rd5 31. Bc4 Rxe5 32. Rxf7 Be6 33. Bxe6 Rxe6 34. Rf4 Rc6 35. Re4 Rf6+ 36. Ke2 Rc6 37. Kd2 Rf6 38. Kd3 Rf1 39. Kc4 Ra1 40. Re3 Ra2 41. Rg3 Rf2 42. Kb5 Rf6 43. h3 Re6 44. Rc3 Re2 45. g4 Re6 46. Rc6 Re3 47. Kxb6 Rxa3 48. b5 Rxh3 49. Kc7 Rf3 50. b6 Rf7+ 51. Kb8 Rf4 52. b7 Rxg4 53. Kc7 Rb4 54. b8Q+ Rxb8 55. Kxb8 Kf7 56. Kb7 h5 57. Kb6 h4 58. Kc5 h3 59. Kd4 h2 60. Rc1 Kf6 61. Ke4 g5 62. Rh1 Kg6 63. Rxh2 Kf6 64. Rh6+ Kg7 65. Ra6 1-0

[Event "Hamburg St Pauli op-B"]
[Site "Hamburg"]
[Date "2011.07.10"]
[Round "2"]
[White "Enke, Nils"]
[Black "Killgus, Leonard"]
[Result "1-0"]
[WhiteElo "1561"]
[BlackElo "1076"]
[PlyCount "125"]
[EventDate "2011.07.09"]
[EventType "swiss"]
[EventRounds "9"]
[EventCountry "GER"]
[SourceTitle "CBM 143 Extra"]
[Source "ChessBase"]
[SourceDate "2011.08.29"]
[SourceVersion "1"]
[SourceVersionDate "2011.08.29"]
[SourceQuality "1"]

1. e4 e5 2. Nf3 Nc6 3. Bc4 Nf6 4. Ng5 d5 5. exd5 Nd4 6. c3 b5 7. Bf1 Nxd5 8. cxd4 Qxg5 9. Nc3 Nxc3 10. dxc3 Qg6 11. dxe5 Bd7 12. Be3 Be7 13. Qd4 Bc6 14. f3 0-0 15. Qd3 Bh4+ 16. Bf2 Rad8 17. Qxg6 Bxf2+ 18. Kxf2 hxg6 19. Be2 Rfe8 20. Rad1 a5 21. Rxd8 Rxd8 22. Rd1 Rxd1 23. Bxd1 Kf8 24. h4 Ke7 25. f4 Ke6 26. g4 Kd5 27. Bf3+ Kc5 28. Bxc6 Kxc6 29. Ke3 Kd5 30. b3 c5 31. Kd3 c4+ 32. bxc4+ bxc4+ 33. Ke3 f6 34. exf6 gxf6 35. h5 gxh5 36. gxh5 Ke6 37. h6 Kf7 38. f5 Kg8 39. Kd4 Kh7 40. Kxc4 Kxh6 41. Kd4 Kg7 42. Kd5 Kf7 43. Kd6 Ke8 44. c4 Kd8 45. c5 a4 46. a3 Kc8 47. c6 Kd8 48. Ke6 Kc7 49. Kxf6 Kxc6 50. Ke7 Kc5 51. f6 Kc4 52. f7 Kb3 53. f8Q Kxa3 54. Qa8 Kb3 55. Qb7+ Ka2 56. Kd6 a3 57. Kc5 Ka1 58. Kb4 a2 59. Qh1+ Kb2 60. Qg2+ Kb1 61. Qf1+ Kb2 62. Qe2+ Kb1 63. Kb3 1-0